Estados brasileiros pelas duas letras iniciais - Statistics

Estatísticas Gerais
  • Esse quiz foi jogado 324 vezes
  • A pontuação média é 23 de 27
Estatísticas das Respostas
Estado % Correto
Amapá
93%
Amazonas
93%
Santa Catarina
93%
São Paulo
93%
Pará
92%
Paraíba
92%
Paraná
92%
Rio de Janeiro
92%
Rio Grande do Norte
92%
Rio Grande do Sul
92%
Maranhão
89%
Mato Grosso
89%
Mato Grosso do Sul
89%
Acre
86%
Bahia
79%
Minas Gerais
79%
Alagoas
78%
Goiás
78%
Rondônia
78%
Roraima
78%
Ceará
77%
Espírito Santo
77%
Pernambuco
77%
Tocantins
75%
Sergipe
74%
Piauí
70%
Distrito Federal
64%
Nenhum quiz correspondente encontrado
Distribuição das Pontuações
Porcentagem de Pessoas com Cada Pontuação
Percentil de Números Respondidos
Sua Pontuação Histórica
Você não jogou esse quiz